| 000 | 00995cab a2200229 4500 | ||
|---|---|---|---|
| 001 | ##L134022 | ||
| 008 | 060703n2006 000 0 eng u | ||
| 035 | _a(Sirsi) u134022 | ||
| 041 | 0 | _aeng | |
| 100 | 1 | _aStocks, Caroline | |
| 245 | 0 | 0 |
_aDocklands _bregional |
| 260 | _c2006 | ||
| 490 | 0 |
_aProperty Week _v71(25) 23 June 2006, 119-126(6) |
|
| 520 | _aReports on conflict between a local pressure group and a developer over a planned scheme on the site of the Queen's Market in Newham; the new generation of east London urban development corporations as viewed from the standpoint of the original LDDC members; and the trend for supermarkets and big retailers to include residential property as part of their new developments to maximise the value of their sites. | ||
| 590 | _aIKA040706 | ||
| 651 | 4 | _aDOCKLANDS | |
| 651 | 4 | _aEAST LONDON | |
| 690 | _aPROPERTY-COMMERCIAL PROPERTY-COMMERCIAL PROPERTY MARKET | ||
| 700 | 1 | _aBarrett, Claer | |
| 700 | 1 | _aMorrison, Doug | |
| 942 | _n0 | ||
| 999 |
_c77330 _d77330 |
||